000 00929nam a22002057a 4500
005 20210325173801.0
008 s2537 th tha d
020 _a9748274489
041 _atha
050 _aDS586 ภ671ส 2537
245 1 0 _aเสด็จฯ เยือนทวีปยุโรป พ.ศ.2503 (2)
260 3 _aกรุงเทพฯ :
_bฝ่ายประชาสัมพันธ์และเผยแพร่ สำนักพระราชวัง,
_c2537
300 _a1 เล่ม :
_b ภาพประกอบ
650 0 4 _aพระราชกรณียกิจ -- ภาพ
650 0 4 _aภูมิพลอดุลยเดช, พระบาทสมเด็จพระเจ้าอยู่หัว -- พระราชกรณียกิจ
850 _aNALT
942 _cGB
997 _c000000000002298
998 _aNarumon Suwan
999 _c2298
_d2298